000 00776nam a2200229 a 4500
001 000042010
005 20201002035901.0
008 130902s1985 sp a 000 0 spa d
020 _a8434581728
040 _aDO-SdBNP
_bspa
_cBNPHU
082 _axxx
_bxxx
100 1 _aOsborne, Charles
_92831
240 1 0 _aVerdi
_lIngles
245 1 0 _aVerdi /
_cCharles Osborne; prólogo, José Luis Tellez; traducción, Jesús Fernández Zulaica.
260 _aBarcelona :
_bSalvat,
_c1985.
300 _a197 p. :
_bil. ;
_c20 cm.
490 1 _aBiblioteca Salvat de grandes biografías
_v27
504 _aBibliografía p: 197
700 1 _aTellez, José Luis
_eprol.
_968957
700 1 _aFernández, Jesús
_etrad.
_968958
830 0 _aBiblioteca Salvat de grandes biografías
_v27
_942025
999 _c41499
_d41499